[Event "Baku Open 2014"]
[Site "Baku AZE"]
[Date "2014.09.22"]
[Round "1.1"]
[White "Aghasiyev, Kamal"]
[Black "Zhigalko, Sergei"]
[Result "1-0"]
[WhiteElo "2394"]
[BlackElo "2677"]
[PlyCount "83"]
[EventDate "2014.09.22"]

1. d4 Nf6 2. Nf3 e6 3. c4 b6 4. g3 Ba6 5. Qa4 Bb7 6. Bg2 c5 7. dxc5 bxc5 8. O-O
Be7 9. Nc3 O-O 10. Rd1 Qb6 11. Bf4 Rd8 12. Rd2 d6 13. Rad1 Ne8 14. a3 Nc6 15.
Be3 Na5 16. Ne1 Bxg2 17. Nxg2 Nb3 18. Rd3 Rab8 19. Nb5 Na5 20. Nc3 Bf6 21. Nf4
Nc6 22. Ne4 Ne5 23. R3d2 Ng4 24. Ng2 Nxe3 25. Nxf6+ Nxf6 26. Nxe3 Ne4 27. Rc2
h5 28. b4 a6 29. Rb1 cxb4 30. axb4 a5 31. b5 Ra8 32. c5 Nxc5 33. Qh4 d5 34.
Qxh5 a4 35. Ng4 Rdc8 36. Ne5 Ra7 37. Rb4 f6 38. Rh4 fxe5 39. Qh8+ Kf7 40. Qxc8
Rc7 41. Qd8 a3 42. Rc3 1-0

[Event "Baku Open 2014"]
[Site "Baku AZE"]
[Date "2014.09.22"]
[Round "1.2"]
[White "Inarkiev, Ernesto"]
[Black "Manik, Mikulas"]
[Result "1-0"]
[WhiteElo "2672"]
[BlackElo "2385"]
[PlyCount "55"]
[EventDate "2014.09.22"]

1. d4 Nf6 2. c4 g6 3. Nc3 Bg7 4. e4 d6 5. Nf3 O-O 6. Be2 e5 7. Be3 h6 8. dxe5
Ng4 9. Bc1 Nxe5 10. Nd4 Nbc6 11. Nxc6 bxc6 12. O-O Qh4 13. f4 Ng4 14. h3 Nf6
15. Bf3 Rb8 16. Ne2 c5 17. Bd2 Nd7 18. Rb1 Bb7 19. Qc2 Rfe8 20. Nc3 Re7 21. Kh2
Bxc3 22. bxc3 Nb6 23. Rbe1 Nxc4 24. Bc1 Nb6 25. c4 Qf6 26. Bb2 Qxf4+ 27. g3 Qg5
28. h4 1-0

[Event "Baku Open 2014"]
[Site "Baku AZE"]
[Date "2014.09.22"]
[Round "1.4"]
[White "Kuzubov, Yuriy"]
[Black "Guliev, Logman"]
[Result "1/2-1/2"]
[WhiteElo "2663"]
[BlackElo "2377"]
[PlyCount "171"]
[EventDate "2014.09.22"]

1. c4 e6 2. Nc3 d5 3. d4 Nf6 4. cxd5 exd5 5. Bg5 c6 6. Qc2 Be7 7. e3 Nbd7 8.
Bd3 Nh5 9. Bxe7 Qxe7 10. O-O-O Nb6 11. Kb1 g6 12. h3 Ng7 13. g4 Bd7 14. Nf3
O-O-O 15. a4 Qb4 16. Ne5 Be6 17. Be2 Kb8 18. Ka1 Nc4 19. Na2 Qe7 20. Nxc4 dxc4
21. Bxc4 h5 22. Qe4 Qc7 23. Bxe6 Nxe6 24. Nc3 Qa5 25. Qf3 Rd7 26. Kb1 Ka8 27.
Rc1 a6 28. Rhd1 hxg4 29. hxg4 Ka7 30. d5 cxd5 31. Nxd5 Rhd8 32. e4 Qxa4 33. Rd3
Rd6 34. Qe3+ Kb8 35. f4 Rc6 36. Rxc6 Qxc6 37. Rc3 Qd6 38. f5 gxf5 39. gxf5 Nf8
40. Qg5 Re8 41. Nf6 Rd8 42. Nd5 Re8 43. Qg7 Rxe4 44. Qxf7 Re1+ 45. Ka2 Re5 46.
Ne3 Ra5+ 47. Kb1 Nd7 48. Qe8+ Ka7 49. Qd8 Ra4 50. f6 Rf4 51. Nc4 Qd1+ 52. Ka2
Qd5 53. Qa5 Qe6 54. Qb4 Qxf6 55. Rb3 b5 56. Qd6 Qxd6 57. Nxd6 Nc5 58. Rc3 Na4
59. Rc2 Rd4 60. Nc8+ Kb7 61. b3 Nb6 62. Nxb6 Kxb6 63. Rh2 Kc5 64. Ka3 a5 65.
Rc2+ Kd5 66. Rh2 Re4 67. Rd2+ Kc5 68. Kb2 Re3 69. Rh2 Kd4 70. Kc2 Rc3+ 71. Kb2
Rf3 72. Kc2 b4 73. Rh4+ Ke3 74. Rh5 Rf2+ 75. Kb1 Rf1+ 76. Kc2 Rf2+ 77. Kb1 Kd4
78. Rxa5 Kc3 79. Rh5 Rb2+ 80. Ka1 Rd2 81. Kb1 Rd3 82. Ka2 Rd2+ 83. Kb1 Kxb3 84.
Rh3+ Ka4 85. Rg3 b3 86. Rg8 1/2-1/2

[Event "Baku Open 2014"]
[Site "Baku AZE"]
[Date "2014.09.22"]
[Round "1.5"]
[White "Omar, Noaman"]
[Black "Safarli, Eltaj"]
[Result "1/2-1/2"]
[WhiteElo "2355"]
[BlackElo "2655"]
[PlyCount "149"]
[EventDate "2014.09.22"]

1. d4 Nf6 2. Nf3 g6 3. c4 Bg7 4. Nc3 d5 5. Qb3 dxc4 6. Qxc4 O-O 7. e4 Be6 8.
Qd3 c5 9. d5 Bd7 10. Be3 Qa5 11. Nd2 Na6 12. Be2 b5 13. O-O c4 14. Qb1 Ng4 15.
Bxg4 Bxg4 16. a4 b4 17. Nb5 Be2 18. Rc1 c3 19. bxc3 bxc3 20. Nb3 Qb4 21. Bd4
Bxb5 22. Bxg7 Kxg7 23. axb5 Nc7 24. Na5 Qc5 25. Nb3 Qb4 26. Na5 Qc5 27. Nb3 Qb4
28. Na5 Qxb5 29. Qc2 Qb2 30. Qxc3+ Qxc3 31. Rxc3 Nb5 32. Rc5 a6 33. f3 e6 34.
dxe6 fxe6 35. Nb3 Rfb8 36. Rc6 e5 37. h4 Ra7 38. Raxa6 Re7 39. Rab6 Rxb6 40.
Rxb6 Nc3 41. Nc5 Ne2+ 42. Kf2 Nd4 43. Nd3 Nc2 44. Rc6 Nd4 45. Rd6 Nb3 46. g4 h6
47. Rd5 Kf6 48. Ke3 g5 49. h5 Na1 50. Nc5 Nc2+ 51. Kf2 Nb4 52. Rd6+ Kg7 53. Rb6
Nc2 54. Rg6+ Kh7 55. Rd6 Nd4 56. Nd3 Ne6 57. Nxe5 Nc5 58. Nd3 Ne6 59. Ke3 Kg7
60. Rb6 Nc7 61. Rg6+ Kh7 62. Rd6 Nb5 63. Rc6 Rd7 64. Nc5 Rd1 65. Nd3 Ra1 66.
Rb6 Na3 67. Rb7+ Kg8 68. e5 Nc2+ 69. Ke4 Ra4+ 70. Kf5 Nd4+ 71. Ke4 Nc2+ 72. Kf5
Nd4+ 73. Ke4 Nc2+ 74. Kf5 Nd4+ 75. Ke4 1/2-1/2

[Event "Baku Open 2014"]
[Site "Baku AZE"]
[Date "2014.09.22"]
[Round "1.6"]
[White "Artemiev, Vladislav"]
[Black "Golubov, Saveliy"]
[Result "1-0"]
[WhiteElo "2650"]
[BlackElo "2347"]
[PlyCount "105"]
[EventDate "2014.09.22"]

1. d4 Nf6 2. c4 e6 3. Nf3 d5 4. Nc3 Be7 5. Bf4 O-O 6. e3 Nbd7 7. Be2 c6 8. O-O
Nh5 9. Qc2 Nxf4 10. exf4 dxc4 11. Bxc4 Nf6 12. Rad1 Qc7 13. g3 c5 14. dxc5 Qxc5
15. Ne5 a6 16. Ne4 Nxe4 17. Qxe4 Bf6 18. Rd4 b5 19. Rd2 Rb8 20. Bd3 g6 21. Be2
Bb7 22. Nd7 Bxe4 23. Nxc5 Bc6 24. Nxa6 Rbd8 25. Rfd1 Rxd2 26. Rxd2 Ra8 27. Nb4
Be8 28. a3 Rc8 29. Kg2 Rc1 30. Nd3 Rc8 31. h4 Kg7 32. Kf3 Be7 33. Ke3 Rc4 34.
Bd1 Rc8 35. Rc2 Rd8 36. Bf3 Bf6 37. Ne5 Rb8 38. Bc6 Rc8 39. Be4 Rd8 40. Rc3 Be7
41. b4 Bf6 42. Rc7 Rd6 43. Rc8 Bd7 44. Rb8 h6 45. Rb7 Be8 46. Rb8 Bd8 47. Ke2
Kf6 48. Bd3 Rd5 49. Ng4+ Ke7 50. Ne3 Rh5 51. Be4 Bc7 52. Rc8 Kd7 53. Ra8 1-0

[Event "Baku Open 2014"]
[Site "Baku AZE"]
[Date "2014.09.22"]
[Round "1.7"]
[White "Abdulov, Orkhan"]
[Black "Kovalenko, Igor"]
[Result "1-0"]
[WhiteElo "2344"]
[BlackElo "2650"]
[PlyCount "117"]
[EventDate "2014.09.22"]

1. e4 c5 2. Nf3 d6 3. c3 Nf6 4. Bd3 g6 5. O-O Bg7 6. Bc2 O-O 7. d4 Qc7 8. h3 e5
9. Na3 Nc6 10. dxc5 dxc5 11. Be3 b6 12. Qe2 a6 13. Rfd1 h6 14. Nc4 Be6 15. a4
Nh5 16. b4 Nd4 17. cxd4 cxd4 18. Bd3 dxe3 19. Nxe3 Nf4 20. Qf1 Qb7 21. Bc2 Rfc8
22. Kh2 Rc3 23. Rd2 Rac8 24. Rad1 Bf8 25. g3 Bxb4 26. Nxe5 Nxh3 27. Bd3 Qb8 28.
N3g4 Ng5 29. f4 Bd6 30. Nd7 Bxg4 31. Nf6+ Kg7 32. Nxg4 Ne6 33. e5 h5 34. Ne3
Bxe5 35. fxe5 Qxe5 36. Re2 Qg5 37. Ng2 Rd8 38. Re3 Nc5 39. Bxg6 fxg6 40. Rxd8
Qxd8 41. Rxc3 Ne4 42. Rc6 Nf6 43. Qf4 Ng4+ 44. Kh3 Nf2+ 45. Qxf2 Qd7+ 46. Kh2
Qxc6 47. Qd4+ Kf7 48. Qf4+ Ke6 49. Ne3 a5 50. Nc4 Qc5 51. Qe4+ Kf6 52. Ne3 Kg7
53. Nd5 Qf2+ 54. Kh3 Qf1+ 55. Kh4 Kh7 56. Nf4 Qa1 57. Qxg6+ Kh8 58. Qxh5+ Kg7
59. Ne6+ 1-0

[Event "Baku Open 2014"]
[Site "Baku AZE"]
[Date "2014.09.22"]
[Round "1.8"]
[White "Berkes, Ferenc"]
[Black "Atakisi, Umut"]
[Result "1-0"]
[WhiteElo "2649"]
[BlackElo "2343"]
[PlyCount "147"]
[EventDate "2014.09.22"]

1. d4 d5 2. c4 c6 3. Nf3 Nf6 4. e3 g6 5. Nc3 Bg7 6. Be2 O-O 7. O-O Bg4 8. cxd5
cxd5 9. Qb3 b6 10. Bd2 Ne4 11. Rfd1 Nc6 12. Rac1 Na5 13. Qa4 a6 14. Be1 Bd7 15.
Qa3 Nxc3 16. Bxc3 Bb5 17. Bxb5 axb5 18. Qb4 Qe8 19. Rc2 Bf6 20. b3 e6 21. Qd6
Qb8 22. Qxb8 Rfxb8 23. Bb4 Rc8 24. Rdc1 Rxc2 25. Rxc2 Bd8 26. g4 g5 27. Nd2 f6
28. Nb1 Kf7 29. Na3 Ke8 30. Nxb5 Kd7 31. Bxa5 bxa5 32. Nc3 Rc8 33. Kf1 a4 34.
Ke2 axb3 35. axb3 Ba5 36. Kd3 Rb8 37. Ra2 Bxc3 38. Ra7+ Kd6 39. Kxc3 h5 40. h3
Rc8+ 41. Kd2 hxg4 42. hxg4 Rf8 43. Ke2 f5 44. gxf5 Rxf5 45. Ra6+ Kd7 46. Kf1
Rf8 47. Rb6 Re8 48. Kg2 Kc7 49. Rb5 Kc6 50. Rc5+ Kd6 51. b4 Ra8 52. b5 Ra2 53.
Rc6+ Kd7 54. Rb6 Rb2 55. Kg3 Ke7 56. Rb8 Kd7 57. b6 Kc6 58. b7 Rb6 59. Kg4 Kc7
60. Rc8+ Kxb7 61. Rc2 Rb1 62. Kxg5 Rh1 63. Kf6 Rh6+ 64. Ke5 Rg6 65. Kd6 Kb6 66.
Rb2+ Ka7 67. Kc6 Rg7 68. Ra2+ Kb8 69. Kd6 Rg6 70. Rc2 Kb7 71. Rc7+ Kb8 72. Rf7
Kc8 73. Re7 Rf6 74. f4 1-0

[Event "Baku Open 2014"]
[Site "Baku AZE"]
[Date "2014.09.22"]
[Round "1.9"]
[White "Babayev, Talib"]
[Black "Volokitin, Andrei"]
[Result "1-0"]
[WhiteElo "2342"]
[BlackElo "2642"]
[PlyCount "91"]
[EventDate "2014.09.22"]

1. e4 c5 2. Nf3 d6 3. d4 cxd4 4. Nxd4 Nf6 5. Nc3 a6 6. Bg5 Nbd7 7. f4 Qc7 8.
Qf3 b5 9. O-O-O Bb7 10. Bd3 Qb6 11. Bxf6 Nxf6 12. Rhe1 e6 13. Qh3 O-O-O 14. Nb3
Kb8 15. a4 bxa4 16. Nxa4 Qb4 17. Nc3 d5 18. Bf1 Bd6 19. Rd4 Bxf4+ 20. Kb1 Qd6
21. Na5 Rd7 22. Ra4 Bd2 23. Rd1 dxe4 24. Nc4 Qf4 25. Nxd2 Rxd2 26. Rxd2 Qxf1+
27. Rd1 Qf2 28. g4 Rc8 29. Rf1 Qc5 30. Qg3+ Ka8 31. g5 Nd5 32. Rxf7 Nxc3+ 33.
bxc3 e3 34. Qe1 Qxc3 35. Qxc3 Rxc3 36. Re7 Bd5 37. Rxa6+ Kb8 38. Kb2 e2 39. Ra1
Rf3 40. Re1 Bc4 41. Kc1 Rh3 42. Kd2 g6 43. Rb1+ Kc8 44. Rbb7 Re3 45. Ke1 Ba6
46. Ra7 1-0

[Event "Baku Open 2014"]
[Site "Baku AZE"]
[Date "2014.09.22"]
[Round "1.10"]
[White "Efimenko, Zahar"]
[Black "Aharon, Ofir"]
[Result "1/2-1/2"]
[WhiteElo "2641"]
[BlackElo "2341"]
[PlyCount "80"]
[EventDate "2014.09.22"]

1. Nf3 c5 2. g3 g6 3. Bg2 Bg7 4. c4 Nc6 5. Nc3 e6 6. O-O Nge7 7. d3 O-O 8. Bd2
d5 9. Qc1 b6 10. Bh6 Bb7 11. Bxg7 Kxg7 12. cxd5 Nxd5 13. Qd2 e5 14. e3 Re8 15.
Rfd1 Nf6 16. a3 Qe7 17. Qc2 Red8 18. Qa4 Rd6 19. b4 cxb4 20. axb4 a5 21. bxa5
Rxa5 22. Qb3 Rxa1 23. Rxa1 Rxd3 24. Ne1 Na5 25. Qxb6 Rxc3 26. Qxa5 Rc5 27. Qa3
Bxg2 28. Nd3 Rc7 29. Qxe7 Rxe7 30. Kxg2 e4 31. Nf4 Rd7 32. Ra2 Nd5 33. Ne2 f5
34. Rb2 h5 35. h3 Kf6 36. Rb5 Rd6 37. Nd4 Nc7 38. Ra5 Ne6 39. Ne2 Rc6 40. Ra2
Kf7 1/2-1/2

[Event "Baku Open 2014"]
[Site "Baku AZE"]
[Date "2014.09.23"]
[Round "2.1"]
[White "Donchenko, Alexander"]
[Black "Inarkiev, Ernesto"]
[Result "1-0"]
[WhiteElo "2501"]
[BlackElo "2672"]
[PlyCount "91"]
[EventDate "2014.09.22"]

1. Nf3 Nf6 2. g3 d5 3. Bg2 Nbd7 4. c4 c6 5. O-O e5 6. cxd5 cxd5 7. d4 e4 8. Ne5
Bd6 9. Bf4 Qe7 10. Nc3 O-O 11. Nxd7 Bxd7 12. Bxd6 Qxd6 13. Qd2 Rae8 14. Nd1 h5
15. h4 Rc8 16. Ne3 Rc6 17. Rfc1 Rfc8 18. Nd1 Ng4 19. Rxc6 Rxc6 20. a3 Qc7 21.
Qg5 Rg6 22. Qc1 Qb8 23. Qc3 Rc6 24. Qd2 Rf6 25. Rc1 Bc6 26. Rc3 Qd6 27. Qg5 g6
28. Bh3 Bd7 29. Bxg4 Bxg4 30. Ne3 Bxe2 31. Nxd5 Rf3 32. Rc8+ Kg7 33. Rd8 Qe6
34. Nf4 Rxf4 35. Qxf4 Bc4 36. Qe5+ Qxe5 37. dxe5 Bb5 38. Rd4 Bc6 39. Kf1 f6 40.
exf6+ Kxf6 41. Rd6+ Kf5 42. Ke2 Bb5+ 43. Ke3 Bc6 44. Kd4 Be8 45. Rd5+ Kf6 46.
Ra5 1-0

[Event "Baku Open 2014"]
[Site "Baku AZE"]
[Date "2014.09.23"]
[Round "2.2"]
[White "Areshchenko, Alexander"]
[Black "Mammadov, Zaur"]
[Result "1-0"]
[WhiteElo "2664"]
[BlackElo "2482"]
[PlyCount "81"]
[EventDate "2014.09.22"]

1. e4 e6 2. d4 d5 3. e5 c5 4. c3 Nc6 5. Nf3 Qb6 6. a3 Bd7 7. Be2 Rc8 8. O-O
cxd4 9. cxd4 Na5 10. b4 Nc4 11. Nc3 Ne7 12. Na4 Qc7 13. Nc5 Bc6 14. a4 b6 15.
Nd3 Bd7 16. Rb1 h5 17. Bg5 Nf5 18. Nf4 Na3 19. Rb3 Nc4 20. b5 a6 21. Bd3 axb5
22. axb5 g6 23. Bf6 Rh6 24. Bg5 Rh8 25. Bxf5 gxf5 26. Nh4 Rg8 27. Rg3 Bxb5 28.
Nxh5 Be7 29. Bxe7 Kxe7 30. Rxg8 Rxg8 31. Nf6 Rh8 32. Qb3 Bc6 33. Qg3 Kf8 34.
Nf3 b5 35. Ng5 Ke7 36. Ngh7 Kd8 37. Qg7 Rxh7 38. Nxh7 Be8 39. Nf6 Na3 40. Qg8
Qe7 41. Rc1 1-0

[Event "Baku Open 2014"]
[Site "Baku AZE"]
[Date "2014.09.23"]
[Round "2.3"]
[White "Yilmazyerli, Mert"]
[Black "Artemiev, Vladislav"]
[Result "0-1"]
[WhiteElo "2454"]
[BlackElo "2650"]
[PlyCount "120"]
[EventDate "2014.09.22"]

1. d4 Nf6 2. Bg5 Ne4 3. Bf4 c5 4. f3 Qa5+ 5. c3 Nf6 6. Nd2 cxd4 7. Nb3 Qd8 8.
Bxb8 Rxb8 9. Qxd4 a6 10. e4 d6 11. e5 dxe5 12. Qxe5 Qd6 13. Qxd6 exd6 14. O-O-O
d5 15. Bd3 Bd6 16. Ne2 O-O 17. g4 Re8 18. Ng3 g6 19. Rde1 Bd7 20. Kd1 Rec8 21.
a3 b5 22. Ne2 Ra8 23. Ned4 h5 24. g5 Ne8 25. h4 Ng7 26. Ref1 Bf4 27. Ne2 Bd6
28. Ned4 Bf4 29. Ne2 Bc7 30. Ned4 Bb6 31. f4 a5 32. Kd2 a4 33. Nc1 Bxd4 34.
cxd4 Bf5 35. Ne2 Bxd3 36. Kxd3 Nf5 37. Rc1 Rc4 38. Rxc4 dxc4+ 39. Kd2 Rd8 40.
Kc3 Re8 41. Nc1 Re4 42. d5 Rd4 43. Kb4 Rxd5 44. Na2 Nd4 45. Ka5 Rf5 46. Rf1 f6
47. gxf6 Rxf6 48. Nc3 Kg7 49. Rf2 Rf5 50. Kb6 Kf7 51. Rf1 Kg7 52. Rf2 Ne6 53.
Nxb5 Nxf4 54. Ka5 Nd3 55. Rxf5 gxf5 56. Kxa4 f4 57. Nd4 Kf6 58. Kb5 Nxb2 59. a4
c3 60. a5 f3 0-1

[Event "Baku Open 2014"]
[Site "Baku AZE"]
[Date "2014.09.23"]
[Round "2.4"]
[White "Darini, Pouria"]
[Black "Berkes, Ferenc"]
[Result "1/2-1/2"]
[WhiteElo "2442"]
[BlackElo "2649"]
[PlyCount "65"]
[EventDate "2014.09.22"]

1. e4 c6 2. d4 d5 3. e5 Bf5 4. h4 h6 5. g4 Bd7 6. Nc3 e6 7. Be3 a6 8. Nf3 Qc7
9. Qd2 c5 10. dxc5 Bxc5 11. Bxc5 Qxc5 12. O-O-O Ne7 13. Nd4 Nbc6 14. Nb3 Qb4
15. f4 Na5 16. Kb1 Nxb3 17. axb3 Ng6 18. f5 exf5 19. e6 Bxe6 20. gxf5 Bxf5 21.
Qe1+ Qe7 22. h5 Nf4 23. Qf2 Qf6 24. Re1+ Kf8 25. Qc5+ Kg8 26. Nxd5 Nxd5 27.
Qxd5 Rd8 28. Qxb7 Rd2 29. Rc1 Kh7 30. Bc4 Rd7 31. Qxa6 Qxa6 32. Bxa6 Rb8 33.
Rcf1 1/2-1/2

[Event "Baku Open 2014"]
[Site "Baku AZE"]
[Date "2014.09.23"]
[Round "2.5"]
[White "Givon, Asaf"]
[Black "Lupulescu, Constantin"]
[Result "1/2-1/2"]
[WhiteElo "2431"]
[BlackElo "2630"]
[PlyCount "99"]
[EventDate "2014.09.22"]

1. e4 c5 2. Nf3 d6 3. Bb5+ Nd7 4. O-O a6 5. Bd3 Qc7 6. c3 Ne5 7. Be2 Nxf3+ 8.
Bxf3 c4 9. b3 Bd7 10. Na3 cxb3 11. axb3 g6 12. Nc4 Bg7 13. Re1 Bb5 14. Ba3 Nh6
15. Ne3 O-O 16. e5 Bc6 17. exd6 exd6 18. Nd5 Bxd5 19. Bxd5 Nf5 20. Qf3 Ra7 21.
Re2 b5 22. Rae1 Qa5 23. Bb4 Qd8 24. g4 a5 25. Bxa5 Rxa5 26. gxf5 b4 27. cxb4
Rb5 28. Kh1 Qf6 29. fxg6 hxg6 30. Qxf6 Bxf6 31. Bc4 Rxb4 32. Re3 d5 33. Bxd5
Rd4 34. Bc4 Rxd2 35. Rf3 Kg7 36. Kg2 Rfd8 37. Re4 R8d4 38. Rxd4 Rxd4 39. h3 Rd7
40. Re3 Bd4 41. Rd3 Rd8 42. Kf3 Bb6 43. Rxd8 Bxd8 44. Ke4 Ba5 45. f3 f5+ 46.
Ke5 Bc3+ 47. Ke6 Kh6 48. Bb5 Kg5 49. Be8 Kf4 50. Bxg6 1/2-1/2

[Event "Baku Open 2014"]
[Site "Baku AZE"]
[Date "2014.09.23"]
[Round "2.6"]
[White "Mamedov, Nidjat"]
[Black "Pourramezanali, Amirreza"]
[Result "1-0"]
[WhiteElo "2624"]
[BlackElo "2429"]
[PlyCount "71"]
[EventDate "2014.09.22"]

1. e4 e6 2. d4 d5 3. Nc3 Bb4 4. e5 c5 5. a3 Bxc3+ 6. bxc3 Ne7 7. Qg4 O-O 8. Bd3
f5 9. exf6 Rxf6 10. Bg5 Rf7 11. Qh5 g6 12. Qd1 Qa5 13. Bd2 Nd7 14. Nf3 c4 15.
Be2 Nc6 16. O-O Nf6 17. Qe1 Ne4 18. Ng5 Nxd2 19. Qxd2 Rf6 20. Rfe1 Bd7 21. Bg4
Re8 22. h4 Qc7 23. Re2 Nd8 24. Rae1 Qd6 25. Qc1 Rf4 26. f3 Rf6 27. h5 gxh5 28.
Bxh5 Re7 29. Nh3 Rg7 30. Re5 Qf8 31. Rg5 Nc6 32. Bg4 Nd8 33. Rxg7+ Qxg7 34. Nf4
Qf7 35. Nxd5 Rg6 36. Ne3 1-0

[Event "Baku Open 2014"]
[Site "Baku AZE"]
[Date "2014.09.23"]
[Round "2.7"]
[White "Rzayev, Bahruz"]
[Black "Iordachescu, Viorel"]
[Result "1/2-1/2"]
[WhiteElo "2416"]
[BlackElo "2603"]
[PlyCount "78"]
[EventDate "2014.09.22"]

1. e4 g6 2. d4 Bg7 3. Nc3 c6 4. f4 d5 5. e5 Nh6 6. Nf3 f6 7. Bd3 Bg4 8. O-O O-O
9. h3 Bxf3 10. Rxf3 e6 11. Be3 c5 12. Bf2 cxd4 13. Nb5 fxe5 14. fxe5 Nc6 15.
Rxf8+ Bxf8 16. Nxd4 Bc5 17. Qd2 Bxd4 18. Bxd4 Nxd4 19. Qxh6 Qc7 20. Re1 Rf8 21.
c3 Nf5 22. Qd2 a5 23. Bxf5 Rxf5 24. Qd4 g5 25. Qa4 Kf7 26. Kh1 b6 27. Qb5 Ke7
28. Qd3 h6 29. Qe2 Qc5 30. Qa6 Qc7 31. Qe2 Qc5 32. Qa6 Qf2 33. Qb7+ Kf8 34.
Qc8+ Kg7 35. Rg1 Rxe5 36. Qc7+ Kf6 37. Qd8+ Kg7 38. Qc7+ Kf6 39. Qd8+ Kg7
1/2-1/2

[Event "Baku Open 2014"]
[Site "Baku AZE"]
[Date "2014.09.23"]
[Round "2.8"]
[White "Wen, Yang"]
[Black "Aghasiyev, Kamal"]
[Result "1-0"]
[WhiteElo "2598"]
[BlackElo "2394"]
[PlyCount "81"]
[EventDate "2014.09.22"]

1. d4 Nf6 2. c4 g6 3. g3 Bg7 4. Bg2 d5 5. cxd5 Nxd5 6. e4 Nb6 7. Ne2 O-O 8. O-O
e5 9. d5 c6 10. Nbc3 Na6 11. b3 cxd5 12. exd5 Bg4 13. h3 Bxe2 14. Qxe2 Rc8 15.
Bb2 f5 16. Nb5 e4 17. Bxg7 Kxg7 18. Rad1 Nxd5 19. Rd4 Nab4 20. Rfd1 Rc2 21.
Rxd5 Qxd5 22. Qxc2 Qxb5 23. Qc3+ Kh6 24. a4 Qb6 25. Rd7 Rf6 26. a5 Qc6 27. Qd2+
f4 28. gxf4 Na2 29. Bf1 Rf5 30. Bc4 Nc1 31. Bg8 Ne2+ 32. Kh2 Rxf4 33. h4 Kh5
34. Qxe2+ Rf3 35. Rd5+ Kh6 36. Qxe4 Rxf2+ 37. Kg3 Rf8 38. Qe3+ Kg7 39. Be6 Rf6
40. Rd7+ Kf8 41. Rd8+ 1-0

[Event "Baku Open 2014"]
[Site "Baku AZE"]
[Date "2014.09.23"]
[Round "2.9"]
[White "Iskandarov, Misratdin"]
[Black "Salem, A.R. Saleh"]
[Result "1-0"]
[WhiteElo "2398"]
[BlackElo "2594"]
[PlyCount "65"]
[EventDate "2014.09.22"]

1. Nf3 Nf6 2. g3 g6 3. Bg2 Bg7 4. O-O O-O 5. c4 d5 6. cxd5 Nxd5 7. Nc3 Nb6 8.
d3 Nc6 9. Be3 h6 10. Qd2 Kh7 11. Rfc1 e5 12. Bc5 Re8 13. a4 Be6 14. a5 Nd7 15.
Be3 a6 16. Ra4 Rh8 17. Ne4 Qe8 18. d4 Rd8 19. d5 Bf5 20. dxc6 Nc5 21. Nxc5 Rxd2
22. Nxd2 bxc6 23. Nxa6 e4 24. Nxe4 Qe5 25. Nac5 Qxb2 26. Bf3 Bh3 27. a6 Ra8 28.
Nd3 Qb5 29. Nec5 Ra7 30. Rb4 Qa5 31. Bxc6 Qa2 32. Ra4 Qxe2 33. Nf4 1-0

[Event "Baku Open 2014"]
[Site "Baku AZE"]
[Date "2014.09.23"]
[Round "2.10"]
[White "Guliyev, Namig"]
[Black "Abdulov, Orkhan"]
[Result "1-0"]
[WhiteElo "2546"]
[BlackElo "2344"]
[PlyCount "71"]
[EventDate "2014.09.22"]

1. e4 e6 2. d4 d5 3. Nc3 dxe4 4. Nxe4 Bd7 5. Nf3 Bc6 6. Bd3 Nd7 7. O-O Ngf6 8.
Ng3 Be7 9. c4 O-O 10. b3 b6 11. Bb2 Bb7 12. Qe2 c5 13. Rad1 cxd4 14. Nxd4 Qc7
15. Bb1 Rfe8 16. Nh5 Qc5 17. Nf4 Rad8 18. Ndxe6 fxe6 19. Qxe6+ Kh8 20. Rxd7
Rxd7 21. Bxf6 Rd2 22. Bc3 Red8 23. b4 Qg5 24. Bxd2 Rxd2 25. Qe3 Rd8 26. Be4
Bxe4 27. Qxe4 Bxb4 28. g3 Rf8 29. Kg2 Rd8 30. Nd5 Bc5 31. h4 Qd2 32. Nf4 Qd4
33. Qe2 Qd2 34. Re1 Qb4 35. h5 Rd2 36. Qxd2 1-0

[Event "Baku Open 2014"]
[Site "Baku AZE"]
[Date "2014.09.24"]
[Round "3.1"]
[White "Guliyev, Namig"]
[Black "Areshchenko, Alexander"]
[Result "1/2-1/2"]
[WhiteElo "2546"]
[BlackElo "2664"]
[PlyCount "25"]
[EventDate "2014.09.22"]

1. e4 c5 2. Nf3 d6 3. Bb5+ Bd7 4. Bxd7+ Qxd7 5. O-O Nf6 6. Re1 Nc6 7. c3 e6 8.
d4 cxd4 9. cxd4 d5 10. e5 Ne4 11. Nbd2 Nxd2 12. Bxd2 Be7 13. Rc1 1/2-1/2

[Event "Baku Open 2014"]
[Site "Baku AZE"]
[Date "2014.09.24"]
[Round "3.2"]
[White "Artemiev, Vladislav"]
[Black "Baryshpolets, Andrey"]
[Result "0-1"]
[WhiteElo "2650"]
[BlackElo "2540"]
[PlyCount "82"]
[EventDate "2014.09.22"]

1. d4 Nf6 2. g3 c5 3. d5 b5 4. Bg5 e6 5. dxe6 fxe6 6. Bg2 Nc6 7. a4 Qb6 8. Bxf6
gxf6 9. axb5 Qxb5 10. Ra2 Bb7 11. Nf3 Be7 12. O-O Rd8 13. Nfd2 Qb6 14. e4 O-O
15. Nc4 Qc7 16. Nbd2 Kh8 17. Ne3 a6 18. Re1 Rg8 19. Qe2 Bf8 20. c3 Bh6 21. Raa1
Ne5 22. f4 Ng6 23. Rf1 d5 24. exd5 exd5 25. Ng4 Bxf4 26. Nxf6 Rgf8 27. Ng4 Rde8
28. Qd1 Bg5 29. Nf3 Bd8 30. Qd2 Qd7 31. Nh6 Qg7 32. Ng4 Nf4 33. gxf4 Qxg4 34.
Ne5 Qg7 35. Rf3 Rxe5 36. Rg3 Qh6 37. Rf1 Ref5 38. c4 Rxf4 39. Rgf3 Bg5 40. Qe2
Rxf3 41. Rxf3 Rxf3 0-1

[Event "Baku Open 2014"]
[Site "Baku AZE"]
[Date "2014.09.24"]
[Round "3.3"]
[White "Romanishin, Oleg M"]
[Black "Mamedov, Nidjat"]
[Result "1/2-1/2"]
[WhiteElo "2502"]
[BlackElo "2624"]
[PlyCount "38"]
[EventDate "2014.09.22"]

1. d4 g6 2. Nf3 Bg7 3. g3 c5 4. c3 Qa5 5. Bd2 d6 6. Bg2 Nf6 7. O-O O-O 8. a4
cxd4 9. cxd4 Qh5 10. Nc3 Nc6 11. Qb3 d5 12. a5 Ne4 13. Be3 Be6 14. Rfd1 Rfc8
15. Nxe4 dxe4 16. d5 exf3 17. Bxf3 Bg4 18. dxc6 bxc6 19. Bd4 Bxf3 1/2-1/2

[Event "Baku Open 2014"]
[Site "Baku AZE"]
[Date "2014.09.24"]
[Round "3.4"]
[White "Donchenko, Alexander"]
[Black "Wen, Yang"]
[Result "1/2-1/2"]
[WhiteElo "2501"]
[BlackElo "2598"]
[PlyCount "51"]
[EventDate "2014.09.22"]

1. d4 Nf6 2. c4 g6 3. g3 Bg7 4. Bg2 O-O 5. Nc3 d6 6. Nf3 Nc6 7. O-O a6 8. Qd3
Bd7 9. d5 Nb4 10. Qd1 a5 11. a3 Na6 12. Be3 Qc8 13. Bd4 Nc5 14. Re1 Re8 15. e4
e5 16. Bxc5 dxc5 17. Rf1 Qd8 18. Ne1 Qe7 19. Nd3 Rf8 20. a4 b6 21. Qd2 Ne8 22.
Rae1 Nd6 23. b3 Rae8 24. f4 Kh8 25. Kh1 f6 26. fxe5 1/2-1/2

[Event "Baku Open 2014"]
[Site "Baku AZE"]
[Date "2014.09.24"]
[Round "3.5"]
[White "Berkes, Ferenc"]
[Black "Iskandarov, Misratdin"]
[Result "1-0"]
[WhiteElo "2649"]
[BlackElo "2398"]
[PlyCount "97"]
[EventDate "2014.09.22"]

1. d4 g6 2. Nf3 Bg7 3. g3 Nf6 4. Bg2 O-O 5. O-O d5 6. c4 c6 7. b3 Ne4 8. Bb2
Nd7 9. e3 b6 10. Nbd2 Nxd2 11. Qxd2 Bb7 12. Rfd1 e6 13. Rac1 Qe7 14. cxd5 cxd5
15. Rc7 Rab8 16. Ne5 Bxe5 17. dxe5 Rfc8 18. Rxc8+ Rxc8 19. e4 Nc5 20. exd5 Bxd5
21. Bxd5 Rd8 22. Qf4 exd5 23. Qf6 Qxf6 24. exf6 h5 25. f4 Kf8 26. Kf2 Ke8 27.
Kf3 Rd6 28. Be5 Rc6 29. Rxd5 Nd7 30. f5 Nxf6 31. Bxf6 Rxf6 32. Kf4 Rc6 33. fxg6
fxg6 34. Kg5 Rc2 35. h4 Rc3 36. Kxg6 Rxg3+ 37. Rg5 Rh3 38. Rxh5 Rh2 39. a4 Rh3
40. b4 Rb3 41. b5 Rb4 42. Rh8+ Ke7 43. h5 Rg4+ 44. Kf5 Rxa4 45. h6 Kf7 46. Ra8
Rh4 47. Kg5 Rh1 48. h7 Kg7 49. h8=Q+ 1-0

[Event "Baku Open 2014"]
[Site "Baku AZE"]
[Date "2014.09.24"]
[Round "3.6"]
[White "Rasulov, Vugar"]
[Black "Safarli, Eltaj"]
[Result "1-0"]
[WhiteElo "2514"]
[BlackElo "2655"]
[PlyCount "111"]
[EventDate "2014.09.22"]

1. e4 e5 2. Nf3 Nc6 3. Bb5 a6 4. Ba4 Nf6 5. O-O Be7 6. Re1 b5 7. Bb3 d6 8. c3
O-O 9. d4 Bg4 10. Be3 exd4 11. cxd4 Na5 12. Bc2 c5 13. h3 Bh5 14. Nbd2 cxd4 15.
Bxd4 Nc6 16. Nb3 Rc8 17. Rc1 Re8 18. Be3 d5 19. exd5 Nb4 20. Bb1 Qxd5 21. Qxd5
Nbxd5 22. Rxc8 Rxc8 23. Bf5 Re8 24. g4 Bg6 25. Bxg6 hxg6 26. Bc5 Kf8 27. Ne5
Rc8 28. Bxe7+ Nxe7 29. Rd1 Nfd5 30. Nc5 a5 31. Ne4 b4 32. Rd2 Rc1+ 33. Kh2 Re1
34. Nc5 g5 35. Nc4 Rc1 36. Nb6 f6 37. Nb3 Rb1 38. Nxd5 Nxd5 39. Rxd5 a4 40. Nc5
Rxb2 41. Kg2 Rxa2 42. Rd4 a3 43. Rxb4 Rc2 44. Ne4 a2 45. Ra4 Ke7 46. Kf3 Rb2
47. Ra7+ Kf8 48. Nc5 g6 49. Nd3 Rb3 50. Ke3 Rb1 51. Rxa2 Rh1 52. Ra8+ Kg7 53.
Ra7+ Kh6 54. f3 Rxh3 55. Nf2 Rg3 56. Ra6 1-0